[Event "12.Lienz Open"]
[Site "Uttendorf"]
[Date "2003.02.12"]
[Round "6"]
[White "Wurm, Christoph"]
[Black "Grundner, Alois"]
[Result "1-0"]
[WhiteElo "2109"]
[BlackElo "1862"]
[Annotator "Grundner,Alois"]
[PlyCount "97"]
[TimeControl "240+2"]

{48MB, Fritz8.ctg, OEMComputer} 1. e4 d5 2. exd5 Nf6 3. Nc3 Nxd5 4. Qf3 c6 5.
Bc4 e6 {letzter Buchzug} 6. Nh3 Be7 7. O-O Nd7 8. d4 N7f6 9. Ne4 Nxe4 10. Qxe4
Nf6 11. Qd3 O-O 12. Be3 b5 13. Bb3 a6 14. Ng5 c5 15. dxc5 Qxd3 16. cxd3 Ng4 17.
Ne4 Bb7 18. Bg5 Bxe4 ({1.03 Fritz 8:} 18... Bxg5 19. Nxg5 Nf6 20. Rac1 Bc6 21.
d4 Rfd8 22. Rfd1 h6 {[%eval 66,11]}) 19. Bxe7 Bxd3 20. Rfd1 Rfe8 21. Bd6 Bg6
22. Rd2 ({0.94 Fritz 8:} 22. c6 Rac8 23. c7 Nf6 24. f3 e5 25. a4 Nd7 {[%eval
138,12]}) 22... Rac8 23. Bd1 Nf6 24. f3 Red8 25. b4 Nd5 26. a3 Ne7 ({1.31
Fritz 8:} 26... Ne3 27. Be2 Nc4 {[%eval 75,12]}) 27. Be2 Nc6 28. Rad1 f6 29. f4
Be4 30. Kf2 Kf7 31. g3 g6 32. Ke3 Bd5 33. Bg4 ({0.62 Fritz 8:} 33. g4 h6 34. h4
Re8 35. Bd3 Bc4 36. Be4 Bd5 37. h5 {[%eval 94,11]}) 33... f5 ({1.00 Fritz 8:} 
33... Re8 34. Kf2 h5 35. Bf3 Bxf3 36. Kxf3 Red8 37. h3 Ne7 38. Re1 Nd5 {[%eval
62,11]}) 34. Be2 Ra8 35. Bc7 ({0.75 Fritz 8:} 35. Ra1 Rdc8 36. h3 a5 37. Rb1
axb4 38. axb4 Ra3+ 39. Kf2 Ra4 40. Bxb5 Rxb4 41. Rxb4 {[%eval 125,10]}) 35...
Rd7 36. Bb6 Rb7 ({0.97 Fritz 8:} 36... Kf6 {[%eval 50,11]}) 37. Kf2 Re7 38. Ra1
Rb7 39. a4 Nxb4 ({2.84 Fritz 8:} 39... Rbb8 40. axb5 axb5 41. Rb1 Ra4 42. Bxb5
Rxb4 43. Rxb4 Nxb4 44. Rd4 Nc2 {[%eval 116,11]}) 40. axb5 a5 41. Rb2 ({1.69
Fritz 8:} 41. Rxa5 Rbb8 42. c6 Rxa5 43. Bxa5 Nxc6 44. bxc6 Bxc6 45. Rc2 Ra8 46.
Bb6 {[%eval 356,11]}) 41... Rbb8 ({3.00 Fritz 8:} 41... Rxb6 42. cxb6 g5 43.
Rd2 Kf6 44. Bf3 gxf4 45. gxf4 {[%eval 169,11]}) 42. Rxa5 Rxa5 43. Bxa5 Nc6 44.
Bc3 Ne7 45. Be5 Rb7 46. c6 Nxc6 47. bxc6 Rxb2 48. Bxb2 Bxc6 49. Ke3 1-0

[Event "12.Lienz Open"]
[Site "Uttendorf"]
[Date "2003.02.13"]
[Round "7"]
[White "Grundner, Alois"]
[Black "Sölkner, Karl"]
[Result "0-1"]
[WhiteElo "1862"]
[BlackElo "2085"]
[Annotator "Grundner,Alois"]
[PlyCount "166"]
[TimeControl "240+2"]

{48MB, Fritz8.ctg, OEMComputer} 1. d4 Nf6 2. c4 e6 3. Nc3 Bb4 4. Qc2 d5 5. Nf3
O-O 6. e3 Ne4 7. Bd3 {letzter Buchzug} Nf6 8. O-O h6 9. Ne5 Nbd7 10. f4 c6 11.
b3 Re8 12. Bb2 Nf8 13. Rac1 N6h7 ({0.78 Fritz 5.32:} 13... Qe7 {[%eval 12,10]})
14. Qf2 ({0.22 Fritz 5.32:} 14. Bxh7+ Nxh7 15. Nxf7 Kxf7 16. Qxh7 Bd6 17. a3
Rh8 18. Qd3 Qe7 {[%eval 78,11]}) 14... f5 15. Qg3 Bd6 16. Be2 Nf6 17. Qh3 Re7
18. Rf2 Bd7 19. g4 fxg4 20. Nxg4 Nxg4 21. Bxg4 g6 22. Rg2 Kh7 23. Kh1 Rg7 24.
Rcg1 Qf6 25. Rg3 Rc8 ({1.91 Fritz 5.32:} 25... Rf7 26. a3 b6 27. Bd1 Qe7 28.
Qg2 Rf6 29. Bc2 dxc4 30. bxc4 {[%eval 34,10]}) 26. Qxh6+ Kg8 27. Bh5 Be8 28.
Bf3 Rh7 29. Qg5 Qxg5 30. Rxg5 Bf7 31. Nd1 Nd7 32. Nf2 Kg7 33. Bh5 ({-0.63
Fritz 5.32:} 33. Rh5 Rxh5 34. Bxh5 Bc7 35. Bg4 Rh8 36. a3 Nb6 37. c5 Nd7 {
[%eval 144,10]}) 33... Rch8 34. cxd5 cxd5 35. Rxg6+ Bxg6 ({-0.03 Fritz 5.32:} 
35... Kf8 36. R1g2 Rxh5 37. R6g3 Rg8 38. a3 Rxg3 39. Rxg3 Bc7 40. Rg1 {[%eval
-81,10]}) 36. Rxg6+ Kf7 37. Rh6+ Ke7 38. Rxh7+ Rxh7 39. Bg6 Rg7 40. Bd3 Bb4 41.
h3 ({-0.53 Fritz 5.32:} 41. a3 Be1 42. Nd1 Bh4 43. Bc3 Kf6 44. Bb4 Nb8 {[%eval
0,11]}) 41... Rg3 42. Bc1 Be1 43. Ng4 Rxh3+ 44. Kg2 Rg3+ 45. Kf1 Bb4 46. Nf2
Nf6 47. a3 Bd6 48. b4 Nh5 49. Be2 Ng7 50. Ng4 Nf5 51. Kf2 Rh3 52. Kg2 Rh8 53.
Bd2 Rc8 54. Bd3 Kf7 55. Kf2 Rh8 56. Kg2 Rh4 57. Be2 Rh8 ({0.00 Fritz 5.32:} 
57... Ke7 58. a4 Rh8 59. Bd3 Rg8 60. Kf3 Bc7 61. Be1 Rh8 62. Bc3 {[%eval -66,
10]}) 58. Bd3 Be7 59. Ne5+ Kg7 60. Ng4 Nd6 61. Ne5 Bf6 62. Nd7 Rc8 63. Nc5 Kf7
64. Nb3 Nc4 65. Bc1 b6 ({-1.00 Fritz 5.32:} 65... Nxa3 66. Nc5 Nc4 67. Nxb7 Rb8
68. Bxc4 Rxb7 69. Ba6 Rxb4 70. Kf3 {[%eval -156,11]}) 66. a4 Be7 67. b5 Bb4 68.
Kf2 Nd6 69. Bb2 Kf6 70. Kf3 Rh8 71. Kg2 Nf5 72. Bc1 ({-2.09 Fritz 5.32:} 72. e4
Ne3+ 73. Kg3 Be1+ 74. Kf3 Rh3+ 75. Ke2 Rh2+ 76. Kxe1 Rxb2 {[%eval -144,10]})
72... Nh4+ ({-1.28 Fritz 5.32:} 72... Rc8 73. Bb2 Nxe3+ 74. Kf3 Nd1 75. Ba1 Nc3
76. Bf1 Nxa4 77. Bd3 {[%eval -209,11]}) 73. Kf2 Rg8 74. Bf1 Nf5 75. Bd3 Ng3 76.
Bb2 Ne4+ 77. Bxe4 dxe4 78. d5+ Ke7 79. dxe6 Kxe6 80. Nd4+ Kd5 81. Nf5 Rc8 82.
Bd4 ({-1.81 Fritz 5.32:} 82. Nd4 Kc4 83. Ba1 Rh8 84. Ne6 Rh2+ 85. Kg3 Re2 86.
Bd4 Be1+ {[%eval -137,13]}) 82... Rc2+ 83. Kg3 Ra2 0-1

[Event "12.Lienz Open"]
[Site "Uttendorf"]
[Date "2003.02.14"]
[Round "8"]
[White "Rohringer, Georg"]
[Black "Grundner, Alois"]
[Result "1-0"]
[WhiteElo "1673"]
[BlackElo "1862"]
[Annotator "Grundner,Alois"]
[PlyCount "101"]
[TimeControl "240+2"]

{48MB, Fritz8.ctg, OEMComputer} 1. e4 d5 2. exd5 Nf6 3. Nf3 Nxd5 4. d4 Bg4 5.
Be2 g6 {letzter Buchzug} 6. O-O Bg7 7. c3 O-O 8. Nbd2 Nf4 9. Nc4 Nxe2+ 10. Qxe2
Qd5 11. Nce5 Bxf3 ({0.34 Fritz 8:} 11... Bxe5 12. Qxe5 Bxf3 13. gxf3 Qxe5 14.
dxe5 Nc6 15. Bf4 g5 16. Bxg5 Nxe5 17. Bxe7 Rfe8 {[%eval -19,12]}) 12. Nxf3 e6
13. Re1 Nd7 14. Bf4 c5 15. dxc5 Qxc5 16. Rad1 Rfd8 17. Qd2 ({0.19 Fritz 8:} 17.
Qe4 Qc8 18. Bg5 Nc5 19. Qh4 Rd7 20. Rxd7 {[%eval 72,10]}) 17... Qb6 18. Be3 Nc5
19. Bxc5 Qxc5 20. Qxd8+ Rxd8 21. Rxd8+ Bf8 22. Ne5 Kg7 23. Rd7 Be7 24. Rxb7 f6
({2.97 Fritz 8:} 24... a5 25. Kf1 Qd6 26. Rd7 Qc5 27. Re3 a4 28. Nd3 {[%eval
172,11]}) 25. Nc6 Qxc6 26. Rxe7+ Kh6 27. R7xe6 Qd5 28. a3 f5 29. h3 Qd2 30.
R1e2 Qc1+ 31. Kh2 Qf4+ 32. Kg1 ({0.00 Fritz 8:} 32. g3 Qc4 {[%eval 278,15]})
32... Qc1+ 33. Kh2 Qf4+ 34. g3 Qc1 35. f4 Qf1 36. Re7 Qf3 37. R7e6 ({0.00
Fritz 8:} 37. c4 a5 38. b4 Qd3 39. b5 Qxc4 40. b6 Qc8 41. Rc7 Qd8 {[%eval 359,
12]}) 37... Kh5 ({3.00 Fritz 8:} 37... Qf1 {[%eval 0,21]}) 38. R6e5 h6 39. c4
g5 40. fxg5 hxg5 41. Re6 Qf1 42. c5 g4 43. hxg4+ Kxg4 44. c6 Kf3 ({11.16 Fritz
8:} 44... a6 45. R6e3 Qh3+ 46. Kg1 Qh7 47. Re7 Qh8 48. Kf1 Kxg3 {[%eval 309,11]
}) 45. c7 Qc1 46. R6e3+ Kg4 47. Rc3 Qh6+ 48. Kg2 Qh3+ 49. Kg1 Qh8 50. c8=Q Qd4+
({#10 Fritz 8:} 50... Qxc8 51. Rxc8 Kf3 52. Rf2+ Ke4 53. Ra8 Ke5 54. Rxa7 Kd6
55. Rxf5 {[%eval 1366,12]}) 51. Kh2 1-0

[Event "12.Lienz Open"]
[Site "Uttendorf"]
[Date "2003.02.15"]
[Round "9"]
[White "Grundner, Alois"]
[Black "Braun, Erik"]
[Result "1-0"]
[WhiteElo "1862"]
[BlackElo "1615"]
[Annotator "Fritz 8 (10s)"]
[PlyCount "45"]

{D58: Damengambit (Tartakower-Variante)} 1. d4 e6 2. c4 d5 3. Nc3 Nf6 4. Bg5
Be7 5. e3 O-O 6. Nf3 b6 7. Rc1 h6 8. Bh4 Bb7 9. Bxf6 Bxf6 10. cxd5 exd5 11. Bd3
Qe7 12. O-O {letzter Buchzug} Nd7 13. Re1 Rfe8 (13... c5 $5 $14 {ist zu
überlegen}) 14. Nb5 $16 c5 15. Nc7 c4 16. Bb1 Bg5 (16... Rab8 17. Nxe8 Rxe8 18.
Nd2 $18) 17. Nxa8 Rxa8 18. Qc2 g6 19. Qa4 a6 20. Nxg5 b5 (20... hxg5 21. Qc2
$18) 21. Qa5 hxg5 22. Qc7 Rb8 23. f3 (23. f3 Qe6 24. e4 $18) 1-0

[Event "1.Kl.Süd"]
[Site "Uttendorf"]
[Date "2003.02.22"]
[Round "8"]
[White "Dalfen, Joachim"]
[Black "Grundner, Alois"]
[Result "1/2-1/2"]
[WhiteElo "1780"]
[BlackElo "1862"]
[Annotator "Grundner,Alois"]
[PlyCount "25"]
[TimeControl "240+2"]

{48MB, Fritz8.ctg, OEMComputer} 1. d4 Nf6 2. Nf3 e6 3. e3 c5 4. c4 cxd4 5. exd4
d5 6. Nc3 Be7 7. c5 O-O 8. Bd3 b6 9. b4 a5 10. Na4 Nfd7 11. a3 (11. Qc2 Nc6 12.
Bxh7+ Kh8 13. b5 Nb4 14. Qb1 bxc5 15. a3 c4 16. axb4 axb4) 11... axb4 12. axb4
e5 {letzter Buchzug} 13. Nxe5 1/2-1/2

[Event "Landescuo 2003"]
[Site "Uttendorf"]
[Date "2003.03.29"]
[Round "1"]
[White "Bogensberger, Herbert"]
[Black "Grundner, Alois"]
[Result "0-1"]
[WhiteElo "1650"]
[BlackElo "1862"]
[Annotator "Fritz 8 (10s)"]
[PlyCount "70"]

{B01: Skandinavische Verteidigung} 1. e4 d5 2. exd5 Nf6 3. Bb5+ Bd7 4. Bxd7+
Qxd7 {letzter Buchzug} 5. Nc3 Nxd5 6. Nge2 e6 {Punkt d5} 7. d4 Be7 (7... Nc6 8.
Nxd5 Qxd5 9. O-O $15) 8. a3 {Befestigt b4} Nc6 9. O-O O-O 10. Ne4 Rad8 11. c3 {
Deckt b4} e5 12. Qc2 f5 13. Ng5 exd4 14. cxd4 Bf6 15. Nf3 h6 {Nimmt Einfluß
auf g5} 16. Rd1 Rde8 17. Qd3 Kh7 18. Bd2 g6 19. h3 Re7 20. Nf4 Re4 {[%cal
Rc6d4,Re4d4,Rf6d4,Gd3d4,Gf3d4] Der Isolani d4 wird belagert} (20... Rd8 21.
Rac1 $15) 21. Nxd5 (21. Ne5 Bxe5 (21... Nxe5 $143 22. dxe5 Rxe5 23. Bc3 $16)
22. dxe5 Rd4 $11 (22... Rxe5 $4 23. Bc3 $18)) 21... Qxd5 $15 {[%cal Rc6d4,
Rd5d4,Re4d4,Rf6d4,Gd3d4,Gf3d4] Der isolierte Bauer d4 wird weiter angegriffen}
22. Bc3 Rfe8 23. Rd2 Rd8 {[%cal Rc6d4,Rd5d4,Rd8d4,Re4d4,Rf6d4,Gc3d4,Gd2d4,
Gd3d4,Gf3d4] Wird der Isolani fallen?} 24. Rad1 g5 25. g3 (25. Ne5 Bxe5 26.
dxe5 Qxd3 27. Rxd3 Rxd3 28. Rxd3 Nxe5 $14) 25... h5 {[%cal Yg5g4] Jetzt hängt
g4 in der Luft} (25... Kg8 26. Ne5 $11) 26. Qc2 g4 27. hxg4 (27. Ne5 $142 $5
$15 {sieht gut aus}) 27... hxg4 $17 (27... fxg4 $2 28. Re2 Kg7 29. Rxe4 gxf3
30. Qd3 $18) 28. Ne5 Kg7 29. Nxc6 (29. Rd3 Rh8 30. f3 gxf3 $17 (30... Bxe5 31.
fxe4 Qxe4 32. Qg2 $16 (32. dxe5 $4 {führt zum Matt in 3} Rh1+ 33. Kf2 Rh2+ 34.
Kf1 Qh1#))) 29... bxc6 (29... Rh8 30. f3 gxf3 $19) 30. b4 $4 {vergrößert seine
Probleme} (30. Rd3 $142 $17) 30... Rh8 $19 31. f3 gxf3 32. Rh2 (32. Rf2 {macht
keinen großen Unterschied} Rg4 33. Rg2 $19) 32... Rg4 (32... Re2 $142 {ließe
Weiß keine Chance} 33. Qxe2 fxe2 $19) 33. Qf2 (33. Rxh8 Kxh8 34. Qh2+ Kg8 35.
Be1 Bxd4+ 36. Rxd4 Qxd4+ 37. Kf1 $19) 33... Rxh2 34. Kxh2 (34. Qxh2 {wäre
gleichermaßen fruchtlos} f4 35. Be1 $19) 34... Be5 $1 {und aus} 35. Rg1 $4 {
auch bessere Züge hätten die Partie nicht gerettet.} (35. dxe5 {Nutzt die
Fesselung aus} Qxd1) 35... Rh4# 0-1

[Event "Landescup 2003"]
[Site "Uttendorf"]
[Date "2003.04.26"]
[Round "?"]
[White "Marsic, Mladen"]
[Black "Grundner, Alois"]
[Result "0-1"]
[WhiteElo "1499"]
[BlackElo "1862"]
[Annotator "Fritz 8 (10s)"]
[PlyCount "168"]

{E00: Katalanisch} 1. d4 Nf6 2. c4 e6 3. a3 d5 4. Nc3 c6 5. Bf4 Be7 6. e3 O-O
7. Nf3 Nbd7 {letzter Buchzug} 8. c5 Re8 9. h3 {Punkt g4} a5 10. b4 b6 11. Be2 (
11. Bd3 axb4 12. axb4 Bb7 $14) 11... Bb7 (11... Ne4 12. Nxe4 dxe4 13. Nd2 bxc5
14. dxc5 $11) 12. O-O Ne4 13. Nxe4 dxe4 14. Nd2 f5 (14... axb4 $5 {kam sehr in
Betracht} 15. axb4 Rxa1 16. Qxa1 bxc5 17. bxc5 e5 $14) 15. f3 exf3 16. Nxf3 Nf6
17. Qb3 Nd5 18. Bc4 (18. bxa5 b5 $14) 18... a4 19. Qa2 Bf6 ({Schlechter scheint
} 19... Nxf4 20. exf4 Bf6 21. Bxe6+ Kh8 22. Rad1 $16 (22. Bxf5 Ba6 $16)) 20.
Bxd5 exd5 21. Qc2 bxc5 22. bxc5 g6 (22... Qd7 23. Rf2 $11) 23. Rab1 Ba6 24. Rf2
Bb5 25. Ne5 {Weiß besetzt das Schlüsselfeld e5} Kg7 (25... Qe7 26. Qd1 $11) 26.
Qd1 (26. g4 Bxe5 27. Bxe5+ Rxe5 28. dxe5 fxg4 $14) 26... Ra7 (26... Qe7 27. g4
Rf8 28. Qf3 $11) 27. Qf3 Rb7 28. Rfb2 Rbe7 29. Rxb5 cxb5 30. Nc6 Qd7 {[%cal
Re7e3,Re8e3,Gf3e3,Gf4e3] Der rückständige Bauer e3 wird angegriffen} 31. Nxe7
Rxe7 32. Bd6 Re4 33. Bg3 Qe8 34. Kf2 Qc6 35. Rc1 Kf7 36. Bd6 {d6 ist ein
Paradefeld für den Läufer} Bg5 37. Rc3 Re6 38. Qg3 Bf6 39. Qf4 g5 40. Qf3 (40.
Qxf5 $142 $5 {sieht noch spielbar aus} Rxd6 41. Qxh7+ Kf8 42. Qh6+ Kf7 43. Qh7+
Kf8 44. Qh6+ Kf7 45. Qh7+ $11) 40... Rxd6 $17 41. Qxf5 (41. cxd6 Qxc3 42. Qxd5+
Kg6 43. Qg8+ Kh6 44. Qf8+ Bg7 $17) 41... Re6 42. Qxh7+ Kf8 43. Qh6+ Kf7 (43...
Ke7 44. Qh5 $17) 44. Qh5+ (44. Qh7+ Ke8 45. Rc1 $17) 44... Kg7 $19 45. Rc2 (45.
Qg4 $19) 45... Qe8 (45... Re4 $142 $19 {nun kommt Schwarz in Vorteil}) 46. Qxe8
$15 Rxe8 47. c6 (47. Rb2 $5 g4 48. Rxb5 $17) 47... Be7 48. Rc3 (48. Rb2 $5 Rc8
49. Rxb5 Rxc6 50. Ra5 Bxa3 51. Rxa4 $17) 48... Rc8 49. Kf3 Kf6 50. e4 dxe4+ 51.
Kxe4 Ke6 52. d5+ Kd6 53. Rc2 $2 (53. Rd3 Re8 54. Kf3 Bd8 $19) 53... Kc7 (53...
Re8 $5 {wäre im Gewinnsinne präziser} 54. Ra2 $19) 54. Rc3 Rf8 55. Rd3 Bd6 56.
g3 Rf1 57. h4 (57. Kd4 $19) 57... gxh4 58. gxh4 Rf4+ 59. Ke3 Rxh4 60. Kd2 Rh2+
61. Kd1 (61. Kc1 {ändert den Lauf der Dinge nicht} Ra2 62. Rf3 Rxa3 63. Rf7+
Kb6 $19) 61... Ra2 62. Rh3 Rxa3 ({Weniger gut ist} 62... Bxa3 63. Rh7+ Kb6 64.
Rb7+ Ka6 65. Rd7 $19) 63. Rh7+ Kb6 64. Rd7 (64. Rb7+ {hilft allerdings auch
nicht} Ka6 65. Kd2 b4 $19) 64... Bc7 (64... Rd3+ $142 {ließe Weiß keine Chance}
65. Kc2 Rxd5 66. c7 Rc5+ 67. Kb1 Bxc7 68. Rd4 $19) 65. Kc2 (65. Ke2 {nützt
auch nichts mehr} Bf4 66. Rf7 Re3+ 67. Kd2 Re4+ 68. Kc2 Bd6 $19) 65... Rb3 (
65... Be5 $5 {erleichterte Schwarz die Gewinnführung} 66. Re7 Re3 67. c7 $19)
66. d6 Kxc6 67. Rxc7+ Kxd6 68. Rc8 Rb4 69. Rd8+ (69. Kc3 {ändert nichts mehr}
Rf4 $19) 69... Kc7 (69... Kc6 {gibt noch größeren Vorteil} 70. Kc1 $19) 70. Rd3
Kc6 71. Rh3 Kc5 72. Rh5+ Kb6 73. Kc3 (73. Rh3 Rf4 $19) 73... Ka5 74. Rh8 Rb3+
75. Kc2 Rg3 76. Rh4 a3 77. Kb1 Rg2 78. Rh3 Ka4 79. Rh4+ b4 80. Rh3 (80. Ka1 $19
{würde die Partie unwesentlich verlängern}) 80... Rg1+ 81. Kc2 b3+ $1 {ist die
schöne Entscheidung} 82. Kc3 (82. Rxb3 a2) 82... a2 83. Rh4+ Ka3 84. Rh8 a1=Q+
(84... a1=Q+ 85. Kc4 Rg4+ 86. Kd5 Qd4+ 87. Ke6 Re4+ 88. Kf5 Re5+ 89. Kg6 Qd6+
90. Kg7 Re7+ 91. Kg8 Qb8#) 0-1

[Event "Landescup 2003"]
[Site "Uttendorf"]
[Date "2003.05.24"]
[Round "?"]
[White "Grundner, Alois"]
[Black "Költringer, Josef jun."]
[Result "1-0"]
[WhiteElo "1862"]
[BlackElo "1836"]
[Annotator "Fritz 8 (10s)"]
[PlyCount "45"]

{D63: Damengambit (Hauptvariante mit 7.Tc1)} 1. d4 d5 2. c4 e6 3. Nc3 Nf6 4.
Bg5 Be7 5. e3 O-O 6. Nf3 h6 7. Bh4 Nbd7 8. Rc1 Re8 9. Bd3 {letzter Buchzug} c5
10. O-O cxd4 11. exd4 dxc4 12. Bxc4 a6 {Überdeckt b5} 13. Ne5 Nb6 14. Bb3 Nbd5
15. Nxd5 Nxd5 16. Qh5 Rf8 17. Bxe7 Nxe7 18. Rfd1 b5 19. Rc3 Bb7 $2 (19... b4
$142 20. Rf3 Qe8 $16) 20. Nxf7 $1 $18 {Beseitigt den Bauernschutz} Rxf7 {Motiv:
Hinlenkung-> f7} 21. Bxe6 {Ein Fesselungsmotiv.} Bd5 $4 {auch bessere Züge
hätten die Partie nicht gerettet.} (21... Qe8 22. Rc7 Bd5 23. Rxe7 Qxe7 24.
Qxd5 Re8 25. Bxf7+ Qxf7 26. Qxf7+ Kxf7 $18) 22. Qxf7+ Kh8 23. Bxd5 (23. Bxd5
Nxd5 24. Rc5 $18) (23. Rg3 $5 {gibt noch größeren Vorteil} Qg8 24. Qxg8+ Rxg8
25. Bxg8 Kxg8 $18) 1-0

[Event "LC Hoff. Finale"]
[Site "Uttendorf"]
[Date "2003.06.14"]
[Round "?"]
[White "Grundner, Alois"]
[Black "Friedl, Gerhard"]
[Result "0-1"]
[WhiteElo "1862"]
[BlackElo "1866"]
[Annotator "Fritz 8 (10s)"]
[PlyCount "80"]

{D90: Grünfeld-Verteidigung (Flohr-Variante)} 1. d4 Nf6 2. c4 g6 3. Nc3 d5 4.
Nf3 Bg7 5. g3 O-O 6. Bg2 Be6 7. cxd5 Nxd5 8. O-O Nxc3 9. bxc3 {letzter Buchzug}
Qd7 10. Re1 h6 {Verhindert das Eindringen auf g5} 11. e4 c6 12. Be3 Na6 13. Qd2
Kh7 14. Rab1 b6 15. Nh4 Rad8 16. f4 f5 17. exf5 gxf5 18. Bf2 (18. g4 Nc7 $14)
18... Bf6 19. Qd3 (19. g4 Nc7 20. Qc2 Nb5 21. Rxe6 Qxe6 $16) 19... Nc7 (19...
Bxh4 20. Qxa6 Bf6 21. Bh3 $14) 20. Rxe6 Bxh4 $2 (20... Qxe6 $142 {und Schwarz
spielt mit} 21. Re1 Qd7 (21... Qxa2 $143 22. Qxf5+ Kg8 23. Qg4+ Bg7 24. Nf5 (
24. Bxc6 $143 e6 $14) 24... Rxf5 25. Qxf5 $16) 22. Nxf5 Kh8 $14) 21. Re5 Bf6
22. Rxf5 Kg7 23. Qe4 (23. Be4 $142 $5 $18) 23... Nb5 $14 24. Rc1 $4 {gibt den
Vorteil aus der Hand} (24. Rfxb5 $142 {hätte die Niederlage vermieden} cxb5 25.
Bf1 $14) 24... Nd6 $19 25. Rd5 $2 (25. Rxf6 $142 Nxe4 26. Rxf8 Kxf8 27. Bxe4
$19) 25... cxd5 (25... Nxe4 $6 {ist sichtlich schlechter} 26. Rxd7 Rxd7 27.
Bxe4 $11) 26. Qxd5 Qf5 (26... Rc8 {und Schwarz hätte es noch leichter} 27. Qh5
$19) 27. Qb3 (27. Qxf5 Nxf5 28. g4 Nd6 $19) 27... Rc8 28. Bd5 Qd3 29. Bg2 (29.
c4 Qxb3 30. axb3 Nb5 $19) 29... Rc7 (29... Qd2 {gibt noch größeren Vorteil} 30.
Qc2 Qxc2 31. Rxc2 $19) 30. Bh3 (30. c4 {ist ein letzter Strohhalm} Qd2 31. Rd1
$19) 30... Ne4 31. Bf5 Qd2 32. Bxe4 (32. Rc2 {nützt auch nichts mehr} Qd1+ 33.
Kg2 Nxf2 34. Rxf2 Qxb3 35. axb3 Rxc3 $19) 32... Qxc1+ 33. Kg2 Qxc3 34. Qe6 Qc4
35. d5 (35. Qf5 {ändert nichts am Ausgang der Partie} Rd8 (35... Bxd4 $4 {wird
durch Matt widerlegt in 2} 36. Qg6+ Kh8 37. Qh7#) 36. d5 Rd6 $19) 35... Qe2 36.
Qf5 Rf7 37. Qg6+ Kf8 38. Qxh6+ (38. Bd3 {lenkt vielleicht noch ab} Qd2 39. d6
exd6 40. Qxh6+ Ke7 41. Qg6 $19) 38... Bg7 39. Qh7 (39. Bf3 {ändert nichts mehr}
Qxf2+ $1 {Er hatte sowieso materiellen Vorteil} 40. Kxf2 Rc2+ 41. Ke3 Bxh6 42.
Bg4 $19) 39... Rc2 (39... Bd4 $142 $1 {sichert den Gewinn} 40. Qh6+ Rg7 $19)
40. Bd3 (40. Bxc2 {ist vielleicht ein Schwindelversuch} Bd4 41. Qh6+ Rg7 42.
Bg6 Qxf2+ 43. Kh3 $19) 40... Qxf2+ (40... Qxf2+ 41. Kh3 Rxf4 42. Qh8+ Bxh8 43.
Be2 Qxe2 44. gxf4 Qf3+ 45. Kh4 Bf6#) 0-1

[Event "Schwarzach 03 (1)"]
[Site "Uttendorf"]
[Date "2003.08.23"]
[Round "?"]
[White "Huynh, Tony"]
[Black "Grundner, Alois"]
[Result "1/2-1/2"]
[WhiteElo "1656"]
[BlackElo "1842"]
[Annotator "Grundner,Alois"]
[PlyCount "96"]
[TimeControl "240+2"]

{48MB, Fritz8.ctg, OEMComputer} 1. e4 c5 2. Nc3 Nc6 3. g3 g6 4. Bg2 Bg7 5. d3
e6 6. Be3 Nd4 7. Nf3 Ne7 8. O-O O-O 9. Rb1 d6 10. Ne2 Nec6 11. c3 Nxf3+ 12.
Bxf3 Ne5 13. Bg2 Bd7 14. h3 Bb5 15. c4 Bc6 16. f4 Nd7 17. d4 cxd4 18. Nxd4 Nf6
19. Nxc6 bxc6 {Fritz schlägt b4 vor mit deutlichem Plus für Weiß} 20. Qe2 Qc7
21. Rfd1 Rfd8 22. b4 Rab8 23. a4 d5 24. e5 Nd7 25. cxd5 cxd5 26. Rbc1 Qb7 27.
b5 Nb6 28. a5 Nd7 29. a6 Qxb5 30. Qxb5 Rxb5 31. Rc7 Nb6 {Txa7!} 32. Bxb6 axb6 {
Lf1!!} 33. a7 Ra8 34. Rb7 Bf8 35. Ra1 Ra5 36. Rb1 R5xa7 37. Rxa7 Rxa7 38. Kh2
Bc5 39. g4 Kg7 40. Rb3 f6 41. exf6+ Kxf6 42. Kg3 Ra2 43. Bf1 e5 44. fxe5+ Kxe5
45. Rd3 Ke4 46. Rd1 Bf2+ 47. Kh2 Bh4+ 48. Bg2+ Kf4 {Schwarz bot Remis} 1/2-1/2

[Event "Schwarzach 03 (2)"]
[Site "Uttendorf"]
[Date "2003.08.24"]
[Round "?"]
[White "Grundner, Alois"]
[Black "Huber, Albert"]
[Result "1/2-1/2"]
[WhiteElo "1848"]
[BlackElo "1664"]
[Annotator "Fritz 8 (10s)"]
[PlyCount "40"]

{A52: Budapester Gambit (Hauptvariante)} 1. d4 Nf6 2. c4 e5 3. dxe5 Ng4 4. Nf3
Nc6 5. Nc3 Ngxe5 6. Nxe5 Nxe5 7. e4 {letzter Buchzug} d6 8. Be2 Be7 9. O-O Be6
(9... O-O $5 $11) 10. f4 Nc6 11. Be3 f5 (11... O-O 12. Qb3 $14) 12. Bh5+ g6 13.
exf5 Bxf5 14. Bf3 Qd7 (14... O-O 15. Bd5+ Kg7 16. g4 $16) 15. Nd5 O-O-O (15...
O-O 16. Qb3 Bd8 17. Rad1 $16) 16. Qb3 (16. b4 $142 Kb8 17. b5 $18 (17. Nxe7
$143 Nxe7 18. Re1 Rhe8 $16)) 16... Rhe8 $2 (16... b6 17. a4 Rde8 18. a5 (18.
Nxe7+ $6 Rxe7 19. a5 Rhe8 $16) 18... Nxa5 19. Rxa5 bxa5 20. Bxa7 $18 (20. Nxe7+
$6 {ist schnell zu verwerfen} Rxe7 21. Bxa7 Kd8 $16)) 17. Bf2 (17. Bxa7 $142 $5
{damit würde Weiß es sich noch erleichtern} Be6 18. Bb6 Bxd5 19. cxd5 Nb4 20.
Qxb4 cxb6 $18) 17... Be6 (17... b6 $5 $16) 18. Nxe7+ Qxe7 19. Rfe1 (19. Bxc6
$142 $5 bxc6 20. Bxa7 $18) 19... Qf7 20. Re4 (20. Bxc6 $5 bxc6 21. Qa4 Bxc4 22.
b3 $16) 20... Bf5 (20... d5 21. Re2 (21. Rxe6 {[%emt 0:00:00]} dxc4 {[%eval 0,
9] [%emt 0:00:02]} 22. Qxc4 {[%emt 0:00:04]} Qxe6 {[%eval 0,10] [%emt 0:00:00]}
23. Qxe6+ {[%emt 0:00:02]} Rxe6 {[%eval 19,11] [%emt 0:00:01]} 24. Bg4 {[%emt
0:00:02]} Rde8 {[%eval 19,12] [%emt 0:00:09]} 25. Re1 {[%emt 0:00:02]} Kd7 {
[%eval 19,12] [%emt 0:00:18]}) 21... dxc4 22. Qb5 $11) 1/2-1/2

[Event "Schwarzach 03 (3)"]
[Site "Uttendorf"]
[Date "2003.08.25"]
[Round "?"]
[White "Prem, Konrad"]
[Black "Grundner, Alois"]
[Result "0-1"]
[WhiteElo "1708"]
[BlackElo "1848"]
[Annotator "Fritz 8 (10s)"]
[PlyCount "76"]

{D36: Damengambit (Abtauschvariante)} 1. d4 Nf6 2. c4 e6 3. Nc3 d5 4. Bg5 Nbd7
5. cxd5 exd5 6. e3 c6 7. Bd3 Be7 8. Nge2 O-O 9. Qc2 h6 10. Bh4 Re8 11. f3 Nf8
12. O-O-O {letzter Buchzug} b5 13. Kb1 a5 14. g4 Ne4 15. Bxe7 ({Dagegen} 15.
Nxe4 Bxh4 16. N4g3 Rxe3 17. Qxc6 Ra6 $15) 15... Nxc3+ 16. Nxc3 Rxe7 17. Qf2 a4
{Schwarz erobert Raum} 18. h4 b4 19. Ne2 Qe8 20. Nf4 Rxe3 21. g5 {Weiß hat
mehr Raum} (21. Be4 {[%emt 0:00:00]} Rxe4 {[%eval -78,12] [%emt 0:00:18]} 22.
fxe4 {[%emt 0:00:07]} Qxe4+ {[%eval -88,10] [%emt 0:00:00]} 23. Ka1 {[%eval
-100,12] [%emt 0:00:08]} Bxg4 {[%eval -88,12] [%emt 0:00:11]}) 21... h5 22.
Nxh5 (22. Rhe1 $5 {kommt in Betracht} Rxe1 23. Rxe1 $11) 22... Rxd3 $15 23.
Rxd3 Bf5 24. Qd2 Qb8 (24... a3 25. b3 c5 26. Ng3 (26. dxc5 $4 Qe5 27. Nf4 Ne6
$19) 26... Bxd3+ 27. Qxd3 $15) 25. Ka1 (25. Nf4 $142 $5 $11 {lohnt die Prüfung}
) 25... Bxd3 $17 26. Qxd3 Qd6 27. f4 Qg6 28. Qf3 Qc2 29. Rg1 $2 (29. Qd1 $142
Qxd1+ 30. Rxd1 $17) 29... a3 $19 30. Rb1 (30. Qb3 Qf2 31. Rc1 $19) 30... axb2+
31. Rxb2 Qc1+ 32. Rb1 Qc4 33. Qf2 (33. Qb3 {die letzte Gegenchance} Qxd4+ 34.
Rb2 $19) 33... b3 34. Rb2 (34. Rxb3 {ist noch eine dünne Chance} Qxb3 35. Qe2
$19) 34... Rxa2+ 35. Kb1 Ra1+ $3 {das entscheidende Opfer} 36. Kxa1 {Motiv:
Ablenkung von c1} Qc1+ {Als Mattkombination reif für die Taktikbücher} 37. Rb1
Qa3+ (37... Qa3+ 38. Qa2 Qxa2#) 38. Qa2 Qxa2# 0-1